Perspektívy vzťahov medzi USA a Kubou diplomová práca

Salvato in:
Dettagli Bibliografici
Autore principale: Ševčíková, Miriama
Ente Autore: Fakulta medzinárodných vzťahov EU. Katedra medzinárodných politických vzťahov
Altri autori: Goda, Samuel
Natura: Libro
Lingua:slovacco
Pubblicazione: Bratislava 2017
Tags: Aggiungi Tag
Nessun Tag, puoi essere il primo ad aggiungerne!!

MARC

LEADER 00000nbm a2200000 4500
001 0232043
005 20180223121546.1
041 0 |a slo 
044 |a SK 
245 1 0 |a Perspektívy vzťahov medzi USA a Kubou  |b diplomová práca  |c Miriama Ševčíková ; školiteľ: Samuel Goda 
264 1 |a Bratislava  |c 2017 
300 |a 73 s. 
100 1 |a Ševčíková, Miriama 
700 1 |a Goda, Samuel 
710 2 |a Fakulta medzinárodných vzťahov EU. Katedra medzinárodných politických vzťahov